[Event "Santa Margalida Mallorca-ch"]
[Site "Santa Margalida"]
[Date "2016.12.03"]
[Round "8"]
[White "Sureda Gonzalez, Miquel"]
[Black "Serralta Font, Carles"]
[Result "1-0"]
[WhiteElo "1043"]
[BlackElo "1311"]
[PlyCount "63"]
[EventDate "2016.11.11"]
[EventType "swiss"]
[EventRounds "8"]
[EventCountry "ESP"]
[SourceTitle "EXT 2018"]
[Source "ChessBase"]
[SourceDate "2017.10.13"]
[SourceVersion "1"]
[SourceVersionDate "2017.10.13"]
[SourceQuality "1"]

1. e4 d6 2. d4 c6 3. Nf3 Qc7 4. Bf4 Nd7 5. Bc4 h6 6. Nc3 e5 7. Bg3 Ngf6 8. Qd2 Nh5 9. 0-0-0 Be7 10. Rhe1 Nxg3 11. hxg3 g5 12. Nh2 a6 13. Bb3 b5 14. f4 gxf4 15. gxf4 Bb7 16. fxe5 Bg5 17. Re3 0-0-0 18. exd6 Qxd6 19. Nf3 Bxe3 20. Qxe3 f6 21. e5 Qe7 22. Nh4 Nf8 23. Nf5 Qc7 24. exf6 Kb8 25. Nxh6 Nd7 26. Nf7 Nxf6 27. Nxh8 c5 28. dxc5 Rxd1+ 29. Kxd1 Bxg2 30. Qf2 Qh2 31. Qxf6 Qg1+ 32. Kd2 1-0